000
00318nam a2200145Ia 4500
100
_a
Miah/M.A. Wazed
942
_c
BK
654
_a
electromagnetic
245
_a
Fundamentals of electromagnetic
260
_b
Tata Mc Graw hill
_a
Delhi
_c
1992
082
_a
539.2
300
_a
608
546
_a
ENGLISH
999
_c
24042
_d
24042